00427nam a22001577a 450000500170000001000150001702000110003203500130004303700130005608200080006924500610007726000450013827000420018330000220022565000220024720100823150559.0 aENG-101322 c120.00 aEN-84855 bDBAD/PUB a000 aL.I.C. :bapprentice development officers model papers / aHyderabadbNew Vision Publicationsc2007 a71 SRT, VidyanagarbHyderabade500044 a264p.c27cm (pbk) aGeneral knowledge